<?xml version="1.0" encoding="UTF-8"?>
<collection xmlns="http://www.loc.gov/MARC21/slim">
 <record>
  <leader>01365nam a2200193Ia 4500</leader>
  <controlfield tag="001">CTU_36852</controlfield>
  <controlfield tag="008">210402s9999    xx            000 0 und d</controlfield>
  <datafield tag="020" ind1=" " ind2=" ">
   <subfield code="c">10000</subfield>
  </datafield>
  <datafield tag="082" ind1=" " ind2=" ">
   <subfield code="a">959.7</subfield>
  </datafield>
  <datafield tag="082" ind1=" " ind2=" ">
   <subfield code="b">Th502</subfield>
  </datafield>
  <datafield tag="100" ind1=" " ind2=" ">
   <subfield code="a">Nguyễn, Khắc Thuần</subfield>
  </datafield>
  <datafield tag="245" ind1=" " ind2="0">
   <subfield code="a">Thế thứ các triều vua Việt Nam</subfield>
  </datafield>
  <datafield tag="245" ind1=" " ind2="0">
   <subfield code="c">Nguyễn Khắc Thuần</subfield>
  </datafield>
  <datafield tag="260" ind1=" " ind2=" ">
   <subfield code="a">Hà Nội</subfield>
  </datafield>
  <datafield tag="260" ind1=" " ind2=" ">
   <subfield code="b">Giáo Dục</subfield>
  </datafield>
  <datafield tag="260" ind1=" " ind2=" ">
   <subfield code="c">2000</subfield>
  </datafield>
  <datafield tag="520" ind1=" " ind2=" ">
   <subfield code="a">Tìm hiểu về thế thứ các triều vua ở Việt Nam. Sách gồm 8 chương, tuần tự các chương có nội dung sau: Thế thứ các triều vua thời sơ sử ở Việt Nam, thế thứ thời Bắc Thuộc, thế thứ các triều đại ở buổi đầu của kỷ nguyên độc lập và tự chủ (đầu thế kỷ 10 tới đầu thế kỷ 11), thế thứ Triều Lý (1010 - 1225), thế thứ Triều Trần (1225 - 1400), thế thứ Triều Hồ và thời thuộc Minh, thế thứ Triều Lê, thế thứ Triều Mạc, thế thứ các đời chúa Trịnh và chúa Nguyễn, thế thứ Chính quyền Tây Sơn, Thế thứ Triều Nguyễn</subfield>
  </datafield>
  <datafield tag="904" ind1=" " ind2=" ">
   <subfield code="i">Minh</subfield>
  </datafield>
  <datafield tag="980" ind1=" " ind2=" ">
   <subfield code="a">Trung tâm Học liệu Trường Đại học Cần Thơ</subfield>
  </datafield>
 </record>
</collection>
